000 01345nam a2200361 c 4500
003 BLK
005 20230321121328.0
008 180409b bul|||||r ||||||| ||bul||
010 _aKNG00109391000
020 _a954-91332-9-Х
_bиздат.: Анимар
040 _aBLK
041 _aBUL
_cBUL
080 _aНаука. Наукознание. Организация на умствения труд
_b001
_x(100)(091)
_z001(100)(091)
100 1 _aЙънгсън, Робърт
_eпърви автор
_974508
700 1 _aДолева, Ангелина
_eпрев. от англ.
_964165
139 _aЙънгсън, Робърт
_bИ 99
245 1 0 _aНай-големите гафове в науката
_cРобърт Йънгсън; прев. от англ. Ангелина Долева.
257 _aGBR
260 София
_bАнимар
_c2003
300 _a360 с.
_c21 см
380 _a0
500 _aОриг. загл. Scientific blunders / Robert Youngson. - Библиогр. с. 352-355.
504 _a352-355
650 4 _aНаука - история
_9244173
653 _aнаука
653 _aистория на науката
653 _aгафове
852 _aЦб 216957
856 4 _qpdf
_u
856 4 _qpdf
_u
942 _cKNG
_n0
_05
944 _aCR
_c04.12.2003
_kЦветанка_Енчева
944 _aED
_c11.11.2004
_k
999 _c104288
_d104288